000 00293nam a2200121Ia 4500
008 190216s9999||||xx |||||||||||||| ||und||
100 _aBrendan J Carroll
245 0 _aEnglish For Colleges
260 _bMacmillan India Ltd
_c1971
300 _a205p
650 _aEnglish Grammer
942 _cBK
999 _c12984
_d12984